Harry Potter - Cour de sortilèges - Niveau difficile - Statistiques

Statistiques générales
  • Ce quiz a été pris 250 fois
  • Le résultat moyen est 10 sur 12
Statistiques - réponses
Question Réponse % Correct
Il est utile pour vaincre un épouvantard, en pensant à quelque chose de drôle en le lançant. Riddikulus
100%
Il rend confuse la personne visée. Confundo
98%
Il crée de profondes entailles dans le corps de la personne visée, qui peut très rapidement se vider de son sang. Sectumsempra
98%
Il fait apparaître un jet d'eau plus ou moins puissant au bout de la baguette. Aguamenti
97%
Il réduit la taille, le volume d'un objet. Reducto
97%
Il fait émerger un serpent au bout de la baguette. Serpensortia
96%
Il neutralise les effets d'un sortilège dans un lieu donné. Finite Incantatem
92%
Sortilège qui anime les statues et armures. Piertotum Locomotor
90%
Il ordonne à de petits oiseaux préalablement créés de foncer et d'attaquer une cible. Oppugno
82%
Il fait jaillir des cordes et peut servir à ligoter puissamment une personne. Incarcerem
78%
Il projette en l'air des étincelles rouges qui restent suspendues pour signaler sa position lorsqu'on est en danger. Periculum
56%
Il fait apparaître un bouquet de fleurs. Orchideus
40%
Aucun quiz correspondant
Distribution des résultats
% des personnes avec chaque résultat
Percentile par nombre de réponses
Votre historique - résultats
Vous n’avez pas pris ce quiz